| 000 | 00737nam a2200241 4500 | ||
|---|---|---|---|
| 001 | 6098 | ||
| 010 | _a9724714985 | ||
| 010 | _a9789724714981 | ||
| 021 | _b160039/01 | ||
| 090 | _a6098 | ||
| 100 | _a20080104e2006 e y0pory5003 ba | ||
| 200 | 1 |
_aSermão de Santo António aos peixes, de Padre António Vieira _eanálise da obra _fFernanda Carrilho |
|
| 205 | _a3ª ed., | ||
| 210 | 9 |
_aLisboa _cTexto, _d2006 |
|
| 215 |
_a96 p. _cil. _d21 cm |
||
| 225 | 2 |
_aNovas leituras _v32 |
|
| 604 |
_aVieira, _tSermão de Santo António aos Peixes _2SIPOR |
||
| 675 |
_a82-93 / 821.134.3 _vPT _zpor |
||
| 700 | 1 |
_aCarrilho, _bFernanda |
|
| 702 | 1 |
_aVieira, _bAntónio, _f1608-1697, |
|
| 801 | 0 |
_aPT _bBMVN _gRPC |
|
| 830 |
_cSilvia Neutel _d31.12.2021 |
||
| 990 | _cLIVROS | ||